| 000 | 00521nam a2200181Ia 4500 | ||
|---|---|---|---|
| 999 |
_c27827 _d27827 |
||
| 003 | OSt | ||
| 005 | 20201221141930.0 | ||
| 008 | 190216s9999||||xx |||||||||||||| ||und|| | ||
| 020 | _a8177050109 | ||
| 040 | _coclc | ||
| 082 |
_a894.8121 _bCHA/A |
||
| 100 |
_aChacko, Chemmanam _97459 |
||
| 245 | 0 |
_aAksharasiksha / _cChemmanam Chacko |
|
| 260 |
_bPrabhath Book House, _c1999. _aTrivandrum: |
||
| 300 | _a107p | ||
| 650 | _aMalayalam Kavitha | ||
| 942 |
_cBK _2ddc _h894.8121 _iCHA/A _k894.8121 _mCHA/A |
||